000 01145ngm a2200337 a 4500
003 BLK
005 20240612130053.0
008 180410b bul||n||s|||||||| mlbulo|
010 _aCDD00004800000
040 _aBLK
041 _aDEU
_cDEU
080 _aХудожествени филмови жанрове
_b791.221/.228
_z791.221/.228
139 _bF 26
245 1 0 _aAngst essen Seele auf [DVD видео]
_cdrehbuchaut. und reg. Rainer Werner Fassbinder; darst. Brigitte Mira; darst. El Hedi Ben Salem; darst. Barbara Valentin.
257 _aDEU
260 _bGoethe Inst.
_cs.a.
_g1973/74
_aMunchen
300 _a1 DVD
_bPAL : цв.
_c12 см
380 _a7
490 _aFassbinder-Edition
700 1 _aFassbinder, Rainer Werner
_edrehbuchaut. und reg.
_99806
700 1 _aMira, Brigitte
_edarst.
_9354838
700 1 _aBen Salem, El Hedi
_edarst.
_9354839
700 1 _aValentin, Barbara
_edarst.
_9354840
852 _aЦб CD 2818
_p0
856 4 _qpdf
_u
856 4 _qpdf
_u
942 _cCDD
_n0
944 _aCR
_c13.05.2011
_k30542
_lРусанова Ирена
944 _aED
_c13.05.2011
999 _c222838
_d222838
999 _d222838